| 000 | 01296nam a2200397 i 4500 | ||
|---|---|---|---|
| 001 | 1893 | ||
| 003 | KOSZ 005 | ||
| 005 | 20220323113215.0 | ||
| 008 | 990421s1983 pl a f f |000 0 pol | ||
| 015 | _aPB 1983/5629 | ||
| 020 | _a8301043199 | ||
| 040 |
_aWA N _cWA N _dKOSZ 005/HR |
||
| 041 | 0 | _apol | |
| 046 | _k1983 | ||
| 080 | _a621.7 | ||
| 080 | _a621.9 | ||
| 080 | _a678 | ||
| 080 | _a(075.8) | ||
| 245 | 0 | 0 |
_aZasady projektowania oprzyrządowania technologicznego : _b[skrypt dla studentów wyższych szkół technicznych]. _pAtlas / _cKrzysztof Błaszkowski [et al.]. |
| 260 |
_aWarszawa ; _aŁódź : _bPaństwowe Wydawnictwo Naukowe, _c1983. |
||
| 300 |
_a114, [1] s. : _brys. ; _c24 x 34 cm. |
||
| 380 | _aKsiążki | ||
| 388 | _a1901-2000 | ||
| 388 | _a1945-1989 | ||
| 650 | 4 | _aMetalurgia | |
| 650 | 4 | _aTworzywa sztuczne | |
| 650 | 4 | _aTechnologia | |
| 650 | 4 | _aUrządzenia | |
| 650 | 4 | _aProjektowanie | |
| 655 | 4 | _aTablice i wzory | |
| 658 | _aInżynieria i technika | ||
| 700 | 1 |
_aBłaszkowski, Krzysztof _d(1935-1995) _eAutor |
|
| 710 | _aPaństwowe Wydawnictwo Naukowe | ||
| 856 |
_uhttp://koha.tu.koszalin.pl/cgi-bin/koha/opac-detail.pl?biblionumber=1893 _yKatalog online BPK |
||
| 942 |
_2UKD _cKS |
||
| 999 |
_c1893 _d1893 |
||